|
|
|
|
| LEADER |
01702njm a2200361 a 4500 |
| 001 |
000880639 |
| 003 |
CZ BrMZK |
| 005 |
20201102183937.0 |
| 007 |
sd fsngnnmmned |
| 008 |
080107s2004 xr fmn g cze d |
| 024 |
3 |
|
|a 8595068183632
|
| 028 |
0 |
1 |
|a AM80216-2
|b Areca Multimedia
|
| 040 |
|
|
|a BOA001
|b cze
|
| 048 |
|
|
|a oz
|b vu
|
| 072 |
|
7 |
|a 784
|x Vokální hudba
|2 Konspekt
|9 9
|
| 080 |
|
|
|a 784.4
|2 MRF
|
| 080 |
|
|
|a (086.76)
|2 MRF
|
| 100 |
1 |
|
|a Šuláková, Jarmila,
|d 1929-2017
|7 jn20000402922
|4 sng
|
| 245 |
1 |
0 |
|a Jarmila Šuláková
|h [zvukový záznam] :
|b [originální nahrávky]
|
| 260 |
|
|
|a Praha :
|b Areca Multimedia,
|c p2004
|
| 300 |
|
|
|a 1 zvuková deska (47:45) :
|b digital ;
|c 12 cm
|
| 306 |
|
|
|a 004745
|
| 500 |
|
|
|a Kompaktní deska
|
| 500 |
|
|
|a Kompilace
|
| 505 |
0 |
0 |
|t Pod javorem --
|t Přijdi k nám v pondělí --
|t Nedávej ňa mamka --
|t Já su od Lidečka --
|t Dyby byla Morava --
|t Kupil cigan somara --
|t Hore Potůčky --
|t A vy páni muziganti --
|t Okolo sůče --
|t Vdávala bych sa --
|t Nese si žitečka --
|t Gde je kostel, tam je fara --
|t Radila mně moja máti --
|t Ej, majerán, zelený majerán --
|t Dyž sem byla u maměnky --
|t Uvíznul forman --
|t A dyž sa Valášek narodí --
|t Aj hleďte, hleďte --
|t Na Janovej hoře --
|t Valaši, Valaši --
|t Za hory horečky
|
| 511 |
0 |
|
|a Jarmila Šuláková, zpěv ; Blažena Šuláková, zpěv
|
| 650 |
0 |
7 |
|a lidové písně
|7 ph122317
|2 czenas
|
| 655 |
|
7 |
|a kompaktní desky
|7 fd201991
|2 czenas
|
| 700 |
1 |
|
|a Šuláková, Blažena,
|d 1906-2004
|7 mzk20201089218
|4 sng
|
| 910 |
|
|
|a BOA001
|b CD-0014.186
|
| 990 |
|
|
|a AV
|
| 991 |
|
|
|b 200801
|
| 996 |
6 |
|
|b 261H015711
|c CD-0014.186
|l MZK
|r Sklad / do 24 hodin
|n 0
|w 000880639
|u 000010
|a 1
|e BOA001
|j MZK50
|s P
|